| Tag |
First Indicator |
Second Indicator |
Subfields |
| LEADER |
00000cam a2200000 a 4500 |
| 001 |
in00002425887 |
| 005 |
20151109135713.0 |
| 008 |
080514s2008 onca bc 000 0 eng |
| 020 |
|
|
|a 9780772706560
|
| 020 |
|
|
|a 0772706565
|
| 035 |
|
|
|a (OCoLC)ocn228667392
|
| 040 |
|
|
|a NLC
|b eng
|c NLC
|d C#P
|d UtOrBLW
|
| 049 |
|
|
|a TXAM
|
| 050 |
|
0 |
|a TR647
|b .T455 2008
|
| 055 |
|
0 |
|a TR647
|b T455 2008
|
| 082 |
0 |
|
|a 779.092
|2 22
|
| 100 |
1 |
|
|a Thomas, Jeff,
|d 1956-
|
| 245 |
1 |
0 |
|a Drive by :
|b a road trip with Jeff Thomas.
|
| 264 |
|
1 |
|a Toronto :
|b University of Toronto, Art Centre,
|c [2008]
|
| 264 |
|
4 |
|c ©2008
|
| 300 |
|
|
|a 63 pages :
|b illustrations ;
|c 19 x 23 cm.
|
| 336 |
|
|
|a text
|b txt
|2 rdacontent
|
| 337 |
|
|
|a unmediated
|b n
|2 rdamedia
|
| 338 |
|
|
|a volume
|b nc
|2 rdacarrier
|
| 500 |
|
|
|a Essays by Anna Hudson, Dave Bidini and Andrea Naomi Walsh.
|
| 500 |
|
|
|a Catalogue of an exhibition held at University of Toronto Art Centre, May 1-June 28, 2008.
|
| 504 |
|
|
|a Includes bibliographical references.
|
| 600 |
1 |
0 |
|a Thomas, Jeff,
|d 1956-
|v Exhibitions.
|
| 650 |
|
0 |
|a Photography, Artistic
|v Exhibitions.
|
| 650 |
|
0 |
|a Indians in art
|v Exhibitions.
|
| 700 |
1 |
|
|a Hudson, Anna,
|d 1963-
|
| 700 |
1 |
|
|a Bidini, Dave.
|
| 700 |
1 |
|
|a Walsh, Andrea N. (Andrea Naomi),
|d 1968-
|
| 710 |
2 |
|
|a University of Toronto.
|b Art Centre.
|
| 945 |
|
|
|a PromptCat
|
| 946 |
|
|
|a stk
|
| 947 |
|
|
|a A14836646425
|
| 948 |
|
|
|a cataloged
|b h
|c 2008/10/17
|d c
|e dmitchel
|f 11:10:20 am
|
| 994 |
|
|
|a 92
|b TXA
|
| 999 |
|
|
|a MARS
|
| 999 |
f |
f |
|s d6b3981c-6428-3d74-b4d0-f929e5da7c6e
|i a53373d5-5f04-3e54-9f95-2d082287e9eb
|t 0
|
| 952 |
f |
f |
|p ric
|a Texas A&M University
|b Rellis Campus
|c Joint Library Facility
|d Remote Storage
|t 0
|e TR647 .T455 2008
|h Library of Congress classification
|i unmediated -- volume
|m A14836646425
|
| 998 |
f |
f |
|a TR647 .T455 2008
|t 0
|l Remote Storage
|